000
00252nam a2200109Ia 4500
008
200302s9999 xx 000 0 und d
100
_a
Nina Rao
245
_a
Himalayan desert
260
_b
Roli and Janssen B V Published
260
_c
2007
300
_a
125
999
_c
6451
_d
6451